| 000 | 00928cam a22003131 4500 | ||
|---|---|---|---|
| 001 | 9382381 | ||
| 003 | EG-ScBUE | ||
| 005 | 20220208113144.0 | ||
| 008 | 770916s2005 enk f 000 1 eng d | ||
| 020 | _a9780586026199 | ||
| 020 | _a0586026193 | ||
| 035 | _a(OCoLC)3268582 | ||
| 040 |
_aDLC _beng _erda _cFPeU _dDLC _dEG-ScBUE |
||
| 082 | 0 | 4 |
_a823.914 _bDEI _222 |
| 100 | 1 |
_aDeighton, Len, _d1929- _eauthor. |
|
| 245 | 1 | 4 |
_aThe Ipcress file / _cLen Deighton. |
| 264 | 1 |
_aLondon : _bHarper Collins Publishers, _c2005. |
|
| 300 |
_a342 pages ; _c21 cm |
||
| 336 |
_2rdacontent _atext _btxt |
||
| 337 |
_2rdamedia _aunmediated _bn |
||
| 338 |
_2rdacarrier _avolume _bnc |
||
| 650 | 7 |
_aScientists _vFiction. _2BUEsh _935830 |
|
| 650 | 7 |
_aKidnapping _vFiction. _2BUEsh _940151 |
|
| 650 | 7 |
_aBrainwashing _vFiction. _2BUEsh |
|
| 651 | _2BUEsh | ||
| 653 |
_bHHUUEENN _cFebruary2022 |
||
| 655 |
_vReading book _934232 |
||
| 942 |
_2ddc _cBB |
||
| 999 |
_c10607 _d10607 |
||